RICS real estate auction statistics (Record no. 107224)

MARC details
000 -LEADER
fixed length control field 01165cad a22002295a 4500
001 - CONTROL NUMBER
control field L138676
008 - FIXED-LENGTH DATA ELEMENTS--GENERAL INFORMATION
fixed length control field 070703s2007 xxkd f s 000 0 eng d
035 ## - SYSTEM CONTROL NUMBER
System control number (Sirsi) u138676
041 0# - LANGUAGE CODE
Language code of text/sound track or separate title eng
050 04 - LIBRARY OF CONGRESS CALL NUMBER
Classification number 380.1 $2 18
110 2# - MAIN ENTRY--CORPORATE NAME
Corporate name or jurisdiction name as entry element Royal Institution of Chartered Surveyors
9 (RLIN) 4900
245 00 - TITLE STATEMENT
Title RICS real estate auction statistics
-- fourth quarter 2006
Medium [electronic resource]
260 ## - PUBLICATION, DISTRIBUTION, ETC.
Place of publication, distribution, etc. [S.l.]
Name of publisher, distributor, etc. RICS
Date of publication, distribution, etc. 2007
490 #0 - SERIES STATEMENT
Series statement RICS Real Estate Auction Statistics
Volume/sequential designation Fourth Quarter 2006
520 ## - SUMMARY, ETC.
Summary, etc. Reveals that 4 813 residential properties were sold at auction in the fourth quarter of 2006, with northwest England overtaking London as the most active region. In terms of commercial property, there were 1 402 properties sold at auction in the fourth quarter of 2006, with the greatest activity in southeast England.
650 24 - SUBJECT ADDED ENTRY--TOPICAL TERM
Topical term or geographic name entry element RICS REAL ESTATE AUCTION STATISTICS
651 #4 - SUBJECT ADDED ENTRY--GEOGRAPHIC NAME
Geographic name United Kingdom
Chronological subdivision
690 ## - LOCAL SUBJECT ADDED ENTRY--TOPICAL TERM (OCLC, RLIN)
Topical term or geographic name as entry element PROPERTY-AUCTIONEERING
690 ## - LOCAL SUBJECT ADDED ENTRY--TOPICAL TERM (OCLC, RLIN)
Topical term or geographic name as entry element PROPERTY-COMMERCIAL PROPERTY-COMMERCIAL PROPERTY MARKET
856 40 - ELECTRONIC LOCATION AND ACCESS
Uniform Resource Identifier <a href="https://www.rics.org/RICSWEB/getpage.aspx?p=-JE-RfJqZkaPcbTXLXc3Xw">https://www.rics.org/RICSWEB/getpage.aspx?p=-JE-RfJqZkaPcbTXLXc3Xw</a>
Public note View the statistics free of charge at www.rics.org...
942 ## - ADDED ENTRY ELEMENTS (KOHA)
Suppress in OPAC 0
Holdings
Withdrawn status Lost status Source of classification or shelving scheme Damaged status Not for loan Home library Current library Shelving location Date acquired Total Checkouts Full call number Barcode Date last seen Copy number Price effective from Koha item type
    Dewey Decimal Classification     Virtual Virtual Online 03/07/2007   ONLINE PUBLICATION 138676-2001 06/08/2019 1 06/08/2019 Book